Odhalili pamätník

Bibliographic Details
Main Author: Hricíková, Lýdia (Author)
Format: Article
Language:Slovak
Subjects:

MARC

LEADER 00000nab a2200000 a 4500
001 vtls010542731
003 SK-MaSNL
005 20260305033740.0
008 130912c2013 xo wr n 0 0slo
038 |a SLLK 
040 |a SLLK  |b slo  |c sllk  |e AACR2 
041 |a slo 
044 |a xo  |c SK 
080 |a 730.027  |2 2001 
100 1 |a Hricíková, Lýdia  |4 aut  |9 1022468 
245 1 0 |a Odhalili pamätník  |c Lýdia Hricíková 
300 |b Fotogr. 
648 7 |a 2013  |2 snkbucl  |9 324251 
650 0 7 |a pamätné tabule  |2 sllk  |9 29445 
650 0 7 |a pamätníky  |2 sllk  |9 25601 
651 7 |a Šambron (Slovensko)  |2 sllk  |9 59229 
651 7 |a Stará Ľubovňa (Slovensko : okres)  |2 sllk  |9 19196 
773 0 |t Ľubovnianske noviny  |g Roč. XXXVII, č. 31 (2013), s. 4  |x 1338-0346 
999 |c 3325621  |d 3327551